Exposicion de los hechos y maquinaciones que han preparado la usurpacion de la Corona de España, y los medios que el emperador de los franceses ha puesto en obra para realizarla / (Record no. 153077)

MARC details
000 -LEADER
campo de control de longitud fija 00900nam a22002055i 4500
001 - NÚMERO DE CONTROL
campo de control 153077
003 - IDENTIFICADOR DE NÚMERO DE CONTROL
campo de control ES-MaACL
005 - FECHA Y HORA DE LA ÚLTIMA TRANSACCIÓN
campo de control 20250830063107.0
008 - DATOS DE LONGITUD FIJA--INFORMACIÓN GENERAL
campo de control de longitud fija 971021s1808 sp |||| | spa d
040 ## - FUENTE DE CATALOGACIÓN
Centro catalogador/agencia de origen CAM
Lengua de catalogación spa
Centro/agencia transcriptor CAM
100 1# - ENTRADA PRINCIPAL--NOMBRE DE PERSONA
Nombre de persona Cevallos Guerra, Pedro,
Fechas asociadas al nombre 1764-1840
9 (RLIN) 141468
245 10 - MENCIÓN DEL TÍTULO
Título Exposicion de los hechos y maquinaciones que han preparado la usurpacion de la Corona de España, y los medios que el emperador de los franceses ha puesto en obra para realizarla /
Mención de responsabilidad, etc. por Pedro Cevallos.
250 ## - MENCION DE EDICION
Mención de edición Reimp.
260 ## - PUBLICACIÓN, DISTRIBUCIÓN, ETC.
Lugar de publicación, distribución, etc. Cadiz :
Nombre del editor, distribuidor, etc. [s.n.],
Fecha de publicación, distribución, etc. 1808 (
Fabricante Josef Niel)
300 ## - DESCRIPCIÓN FÍSICA
Extensión 76 p. ;
Dimensiones 20 cm.
600 04 - PUNTO DE ACCESO ADICIONAL DE MATERIA--NOMBRE DE PERSONA
Nombre de persona Napoleón
Numeración I
Títulos y otros términos asociados al nombre , Emperador de Francia.
9 (RLIN) 84910
651 #4 - PUNTO DE ACCESO ADICIONAL DE MATERIA--NOMBRE GEOGRÁFICO
Nombre geográfico España-
Subdivisión general Historia-
Subdivisión cronológica 1808-1814, Guerra de la Independencia
9 (RLIN) 8244
852 ## - LOCALIZACIÓN
Ubicación ES-MaACL
Número de control de estantería R-3318(7)
Nota libre .- Enc. en un vol. facticio con otras obras formando "Miscelanea patriotica"
Holdings
Estatus retirado Estado de pérdida Estado de daño No para préstamo Colección Biblioteca de origen Biblioteca actual Ubicación en estantería Fecha de adquisición Total de préstamos Signatura topográfica completa Código de barras Visto por última vez Precio de reemplazo Tipo de ítem Koha
        Libros del s. XIX Biblioteca del Ateneo de Madrid Biblioteca del Ateneo de Madrid Depósito 17/01/2008   R-3318(7) 1159933 23/02/2023 23/02/2023 Libro impreso antiguo